察眼觀色

資料類型: Book 圖書   書目號:33029

Leader xxxxxxxxxx
001 __ 75085209
005 __ 19940222191016.0
008 __                                    chi  
010 0_ |a|b平裝|d新臺幣 90 元
100 __ |a19910118d1985       y0chiy0109    e.
101 0_ |achi.
102 __ |acw.
105 __ |aa   z   000yy.
200 1_ |a察眼觀色|e|f何瑞元(Richard W. Hartzell) 著.
205 __ |a二版.
210 __ |a台北市|c皇冠|d民74.
215 0_ |a263面|c|d19公分.
225 2_ |a皇冠叢書|v1123|i老外在台灣|v8.
260 1_ |a1985.
300 __ |a
410 _0 |12001 |a皇冠叢書|v1123|i老外在台灣|v8.
510 1_ |aCross-Cultural Glimpse.
681 __ |a
700 _1 |a|b瑞元|c(Hartzell, Richard W.)|4702 __ |a|b|4
770 _1 |aHartzell|bRichard W.
801 _0 |acw|b清大|c19900801.
801 _1 |acw|b清大|c19910118.
856 __ |uhttp://www.crown.com.tw/|z皇冠文化集團|2http

  
詳細館藏(共 1 筆)
索 書 號登 錄 號冊次號館別 / 館藏地流通類型狀態加入預約清單電子資源
856.8 / 8755 2013537  圖書館 / 一樓普通區 可外借30天 在館   

| 條列資料




目錄查詢 分類查詢 個人資料 圖書薦購 新書查詢 閉館日 排行榜 更多電子資源 Hami書城 線上資料庫 登出

From : 216.73.217.87

  本日流通累計至 15:56:37 借閱 : 13 次 續借 : 0 次 歸還 : 10 次 預約 : 0 次 電子資源 : 0 次


內湖高中圖書館  PCLIS 版本  26.5.0.12